| 000 | 00485nam a22001697a 4500 | ||
|---|---|---|---|
| 005 | 20260107155120.0 | ||
| 008 | 260107b |||||||| |||| 00| 0 eng d | ||
| 020 | _a978-0-19-881023-0 | ||
| 050 | _aK 559.5.O84 2019 | ||
| 100 | _aREIMANN MATHIAS | ||
| 245 | _aTHE OXFORD HANDBOOK OF COMPARATIVE LAW | ||
| 260 |
_aNEWYORK _bOXFORD UNIVERSITY PRESS _c2019 |
||
| 300 | _a1403 | ||
| 650 | _aComparativwe law-encyclopedias handbook | ||
| 700 | _aZIMMERMANN REINHARD | ||
| 942 |
_2lcc _cBK |
||
| 999 |
_c216423 _d216423 |
||